| Tag |
First Indicator |
Second Indicator |
Subfields |
| LEADER |
00000cam a22000001a 4500 |
| 001 |
in00003257721 |
| 006 |
m d f |
| 007 |
cr bn mmmapmmp |
| 008 |
091024s1996 dcua ob f000 0 eng d |
| 005 |
20260604205143.3 |
| 035 |
|
|
|a cis2007466461
|
| 040 |
|
|
|a UMI
|c UMI
|d UtOrBLW
|
| 043 |
|
|
|a n-us---
|
| 074 |
|
|
|a 1028-A
|
| 074 |
|
|
|a 1028-B (MF)
|
| 086 |
0 |
|
|a Y 4.W 36:104-43
|
| 086 |
0 |
|
|a Y 4.W 36:104-44
|
| 088 |
|
|
|a Serial 104-43 (United States. Congress. House. Committee on Ways and Means)
|
| 088 |
|
|
|a Serial 104-44 (United States. Congress. House. Committee on Ways and Means)
|
| 099 |
|
|
|a HRG-1995-WAM-0035
|
| 099 |
|
|
|a HRG-1995-WAM-0036
|
| 110 |
1 |
|
|a United States.
|b Congress.
|b House.
|b Committee on Ways and Means.
|b Subcommittee on Human Resources.
|
| 245 |
1 |
0 |
|a Contract with America--welfare reform :
|b hearing before the Subcommittee on Human Resources of the Committee on Ways and Means, House of Representatives, One Hundred Fourth Congress, first session, January 13, 20, 23, 27, 30; and February 2, 1995.
|
| 246 |
3 |
0 |
|a Contract with America, welfare reform
|
| 264 |
|
1 |
|a Washington :
|b U.S. G.P.O. :
|c 1996.
|
| 264 |
|
2 |
|a Washington :
|b For sale by the U.S. G.P.O., Supt. of Docs., Congressional Sales Office,
|
| 300 |
|
|
|a 1 online resource.
|
| 336 |
|
|
|a text
|b txt
|2 rdacontent
|
| 337 |
|
|
|a computer
|b c
|2 rdamedia
|
| 338 |
|
|
|a online resource
|b cr
|2 rdacarrier
|
| 500 |
|
|
|a Record is based on bibliographic data in ProQuest Congressional Hearings Digital Collection. Reuse except for individual research requires license from ProQuest, LLC.
|
| 504 |
|
|
|a Includes bibliographical references.
|
| 538 |
|
|
|a System requirements: PDF reader software.
|
| 500 |
|
|
|a Electronic resource.
|
| 650 |
|
0 |
|a Public welfare
|z United States.
|
| 650 |
|
0 |
|a Public welfare
|z United States
|x States.
|
| 650 |
|
0 |
|a Public welfare administration
|z United States.
|
| 650 |
|
0 |
|a Supplemental security income program
|z United States.
|
| 650 |
|
0 |
|a Welfare state.
|
| 655 |
|
7 |
|a Electronic books.
|2 local
|
| 710 |
2 |
|
|a ProQuest (Firm)
|
| 776 |
0 |
8 |
|i Print version:
|a United States. Congress. House. Committee on Ways and Means. Subcommittee on Human Resources.
|t Contract with America--welfare reform
|w gp 96081738
|w (OCoLC)35652573
|
| 776 |
0 |
8 |
|i Microfiche version:
|a United States. Congress. House. Committee on Ways and Means. Subcommittee on Human Resources.
|t Contract with America--welfare reform.
|d [Bethesda, Md.] : ProQuest,[2004]
|o CIS 96 H781-24 (pt.1)
|o CIS 96 H781-25 (pt.2)
|w (ProQuest)cis09601003
|
| 830 |
|
0 |
|a U.S. Congressional Hearings.
|
| 856 |
4 |
0 |
|u http://proxy.library.tamu.edu/login?url=https://congressional.proquest.com/congcomp/getdoc?HEARING-ID=HRG-1995-WAM-0035
|z Connect to the full text of this electronic book
|t 0
|
| 856 |
4 |
0 |
|u http://proxy.library.tamu.edu/login?url=https://congressional.proquest.com/congcomp/getdoc?HEARING-ID=HRG-1995-WAM-0036
|z Connect to the full text of this electronic book
|t 0
|
| 998 |
|
|
|a cis09601003
|
| 999 |
|
|
|a MARS
|
| 999 |
f |
f |
|s fc212b8f-34e6-3e1d-8a81-d59693a66e94
|i efa2f764-f9de-3d4d-8a17-b81eb5b3b0f7
|t 0
|
| 952 |
f |
f |
|a Texas A&M University
|b College Station
|c Electronic Resources
|s www_evans
|d Available Online
|t 0
|e HRG-1995-WAM-0036
|h Other scheme
|
| 998 |
f |
f |
|a HRG-1995-WAM-0036
|t 0
|l Available Online
|